عرض عادي
عرض مارك
- Psychological fiction.
مدخل تقسيم شكلي
001 - رقم الضبط
- حقل الضبط: 73877
003 - معرف رقم الضبط
- حقل الضبط: OSt
005 - تاريخ ووقت أخر عملية
- حقل الضبط: 20190730162546.0
008 - عناصر بيانات ثابتة الطول
- حقل تحكم ثابت الطول: 190730|| aca||aabn | a|a d
040 ## - مصدر الفهرسة
- هيئة الفهرسة الأصلية: OSt
- وكالة الكتابة: OSt
155 ## - الراس-نوع ادبي/مصطلح شكلي
- النوع الادبي/المصطلح الشكلي: Psychological fiction.
670 ## - بيانات المصدر موجوده
- الاستشهاد بالمصدر: Work cat.: (OSt)0: Golding, William, 1911-1993. 73872, Lord of the flies :, 1997.
